Conservatorio del Liceo : reglamento orgánico reglamento orgánico
Descripción Física:
18 p. ; 21 cm
MARC
| LEADER | 00000nam a2200000Ia 4500 | ||
|---|---|---|---|
| 001 | 16181 | ||
| 008 | 160829s1932 xx 000 0 cat d | ||
| 080 | |a 4231, exp. 74 | ||
| 110 | 2 | |a Conservatori del Liceu |9 55411 | |
| 245 | |a Conservatorio del Liceo : |b reglamento orgánico | ||
| 260 | |a Barcelona : |b Establecimiento tip. Galve, |c 1932 | ||
| 300 | |a 18 p. ; |c 21 cm | ||
| 650 | |a Conservatori del Liceu |x Reglaments i procediment |9 48328 | ||
| 901 | |a Arxiu | ||
| 942 | |n 1 | ||
| 952 | |0 0 |1 0 |4 0 |6 4231_EXP_74 |7 1 |9 54402 |a Arxiu |b Arxiu |d 2016-12-01 |l 0 |o 4231, exp. 74 |p 16181 |r 2016-12-01 00:00:00 |w 2016-12-01 |y ARXIU | ||
| 999 | |c 58271 |d 58271 | ||